| 000 | 02101nam a2200277Ia 4500 | ||
|---|---|---|---|
| 999 |
_c54871 _d54871 |
||
| 001 | 21940 | ||
| 003 | GE_BSU | ||
| 005 | 20250128130829.0 | ||
| 008 | 181216s2017||||ge |||||||||||||| ||geo|| | ||
| 020 | _a9789941462610 | ||
| 040 | _cGE_BSU | ||
| 041 | _ageo | ||
| 080 | _a677.024+904+811.353.1'276 ნ-89 | ||
| 100 |
_aნოღაიდელი, ნანული. _95107 |
||
| 245 |
_aფეიქრობის ტრადიცია და ლექსიკა _b(აჭარა) / _cნანული ნოღაიდელი, რედ. როინ მალაყმაძე |
||
| 264 |
_aბათუმი: _bბათუმის შოთა რუსთაველის სახელმწ. უნ-ტის გამ-ბა, _c2017. |
||
| 300 |
_a228 გვ.:; _bილ; _c19 სმ. |
||
| 504 | _aბიბლიოგრ. გვ:213-217 | ||
| 653 | _aაჭარის ტერიტორიაზე მცხოვრებ ტომებს შორისაც ძველთაგანვე მაღალ დონეზე ყოფილა განვითარებული ფეიქრობა. ნაშრომი საინტერესო იქნება ქართული კულტურის ისტორიის მკვლევართათვის,სპეციალისტებისა და ფართო საზოგადოებისათვის. | ||
| 653 | _aსაფეიქრო მრეწველობა,არქეოლოგია,დიალექტოლოგია. | ||
| 653 | _aფეიქრობის ტრადიცია და ლექსიკა(აჭარა) | ||
| 700 |
_aმალაყმაძე,როინ _eრედაქტორი _924153 |
||
| 710 |
_aბათუმის შოთა რუსთაველის სახელმწიფო უნივერსიტეტი _924154 |
||
| 710 |
_a ნიკო ბერძენიშვილის ინსტიტუტი _924155 |
||
| 942 |
_cBK _2udc |
||